000 01259cab a2200325 4500
001 ABS51160
008 090401t1994 xxu||||| |||| 00| 0 eng d
035 _a(Sirsi) u13333
041 _aeng
100 _aLangleben, A.
245 _aLife after BBL - two conflicting judgments
260 _c1994
350 _a0
490 _aEstates Gazette
_v(9430) 30 July 1994, 100-101(2)
520 _aDiscusses the "Banque Bruxelles Lambert v Eagle Star Insurance Co Ltd" and "United Bank of Kuwait v Prudential Property Services Ltd", both of which concerned the recovery of losses by lenders following negligent overvaluations. The difference in the decisions appears to rest on a contract between the lender and the valuer in the Kuwait case.
650 _aBANQUE BRUXELLES LAMBERT V EAGLE STAR INSURANCE CO LTD
650 _aBAXTER V GAPP
650 _aDAMAGES
650 _aLENDERS
650 _aNEGLIGENCE
650 _aOVERVALUATION
650 _aSWINGCASTLE V ALASTAIR GIBSON
650 _aUNITED BANK OF KUWAIT V PRUDENTIAL PROPERTY SERVICES LTD
650 _aVALUATIONS
650 _aVALUERS
690 _aMANAGEMENT-BUSINESS MANAGEMENT-PROFESSIONAL PRACTICE
690 _aRATING AND VALUATION
942 _n0
948 _c04/03/1997
999 _c8593
_d8593